<?xml version="1.0" encoding="UTF-8"?>
<record
    xmlns:xsi="http://www.w3.org/2001/XMLSchema-instance"
    xsi:schemaLocation="http://www.loc.gov/MARC21/slim http://www.loc.gov/standards/marcxml/schema/MARC21slim.xsd"
    xmlns="http://www.loc.gov/MARC21/slim">

  <leader>01354nam0a2200313   4500</leader>
  <controlfield tag="001">RU\NLR\bibl\1296472</controlfield>
  <controlfield tag="005">20260406084225.0</controlfield>
  <datafield tag="010" ind1=" " ind2=" ">
    <subfield code="a">5-91091-006-8</subfield>
    <subfield code="9">300</subfield>
  </datafield>
  <datafield tag="035" ind1=" " ind2=" ">
    <subfield code="a">(NLR Aleph) 001282091</subfield>
  </datafield>
  <datafield tag="090" ind1=" " ind2=" ">
    <subfield code="a">505486</subfield>
    <subfield code="c">505486</subfield>
  </datafield>
  <datafield tag="100" ind1=" " ind2=" ">
    <subfield code="a">20081120d2007    |||y0rusy50      ca</subfield>
  </datafield>
  <datafield tag="101" ind1="0" ind2=" ">
    <subfield code="a">rus</subfield>
  </datafield>
  <datafield tag="102" ind1=" " ind2=" ">
    <subfield code="a">RU</subfield>
  </datafield>
  <datafield tag="105" ind1=" " ind2=" ">
    <subfield code="a">y   |||||||||</subfield>
  </datafield>
  <datafield tag="200" ind1="1" ind2=" ">
    <subfield code="a">&#x422;&#x432;&#x43E;&#x440;&#x447;&#x435;&#x441;&#x442;&#x432;&#x43E; &#x415;&#x440;&#x435;&#x43C;&#x435;&#x44F; &#x410;&#x439;&#x43F;&#x438;&#x43D;&#x430;</subfield>
    <subfield code="e">&#x43C;&#x43E;&#x43D;&#x43E;&#x433;&#x440;&#x430;&#x444;&#x438;&#x44F;</subfield>
    <subfield code="f">&#x415;.&#x421;. &#x420;&#x43E;&#x433;&#x43E;&#x432;&#x435;&#x440;</subfield>
  </datafield>
  <datafield tag="210" ind1=" " ind2=" ">
    <subfield code="a">&#x421;&#x430;&#x43D;&#x43A;&#x442;-&#x41F;&#x435;&#x442;&#x435;&#x440;&#x431;&#x443;&#x440;&#x433;</subfield>
    <subfield code="c">&#x41E;&#x43B;&#x438;&#x43C;&#x43F;-&#x421;&#x41F;&#x431;</subfield>
    <subfield code="d">2007</subfield>
  </datafield>
  <datafield tag="215" ind1=" " ind2=" ">
    <subfield code="a">211 &#x441;.</subfield>
    <subfield code="d">20</subfield>
  </datafield>
  <datafield tag="320" ind1=" " ind2=" ">
    <subfield code="a">&#x411;&#x438;&#x431;&#x43B;&#x438;&#x43E;&#x433;&#x440;. &#x432; &#x43F;&#x440;&#x438;&#x43C;&#x435;&#x447;. &#x432; &#x43A;&#x43E;&#x43D;&#x446;&#x435; &#x433;&#x43B;&#x430;&#x432;</subfield>
  </datafield>
  <datafield tag="320" ind1=" " ind2=" ">
    <subfield code="a">&#x41F;&#x440;&#x43E;&#x438;&#x437;&#x432;&#x435;&#x434;&#x435;&#x43D;&#x438;&#x44F; &#x43F;&#x438;&#x441;&#x430;&#x442;&#x435;&#x43B;&#x44F;: &#x441;. 198-200 (36 &#x43D;&#x430;&#x437;&#x432;.) &#x438; &#x43B;&#x438;&#x442;. &#x43E; &#x436;&#x438;&#x437;&#x43D;&#x438; &#x438; &#x442;&#x432;&#x43E;&#x440;&#x447;&#x435;&#x441;&#x442;&#x432;&#x435; &#x415;. &#x410;&#x439;&#x43F;&#x438;&#x43D;&#x430;: &#x441;. 201-210 (102 &#x43D;&#x430;&#x437;&#x432;.)</subfield>
  </datafield>
  <datafield tag="600" ind1=" " ind2="1">
    <subfield code="a">&#x410;&#x439;&#x43F;&#x438;&#x43D;</subfield>
    <subfield code="b">&#x415;.&#x414;.</subfield>
    <subfield code="f">1948</subfield>
    <subfield code="g">&#x415;&#x440;&#x435;&#x43C;&#x435;&#x439; &#x414;&#x430;&#x43D;&#x438;&#x43B;&#x43E;&#x432;&#x438;&#x447;</subfield>
    <subfield code="9">2241992</subfield>
    <subfield code="3">RU\NLR\auth\661345273</subfield>
  </datafield>
  <datafield tag="686" ind1=" " ind2=" ">
    <subfield code="a">&#x428;5(2=&#x425;&#x430;&#x43D;)7-4&#x410;&#x439;&#x43F;&#x438;&#x43D;</subfield>
  </datafield>
  <datafield tag="700" ind1=" " ind2="1">
    <subfield code="4">070</subfield>
    <subfield code="8">rus</subfield>
    <subfield code="7">ca</subfield>
    <subfield code="a">&#x420;&#x43E;&#x433;&#x43E;&#x432;&#x435;&#x440;</subfield>
    <subfield code="b">&#x415;. &#x421;.</subfield>
    <subfield code="f">1932-</subfield>
    <subfield code="g">&#x415;&#x444;&#x438;&#x43C; &#x421;&#x43E;&#x43B;&#x43E;&#x43C;&#x43E;&#x43D;&#x43E;&#x432;&#x438;&#x447;</subfield>
    <subfield code="3">RU\NLR\auth\7752413</subfield>
    <subfield code="9">35346</subfield>
  </datafield>
  <datafield tag="702" ind1=" " ind2="1">
    <subfield code="4">570</subfield>
    <subfield code="8">rus</subfield>
    <subfield code="7">ca</subfield>
    <subfield code="a">&#x410;&#x439;&#x43F;&#x438;&#x43D;</subfield>
    <subfield code="b">&#x415;. &#x414;.</subfield>
    <subfield code="f">1948-</subfield>
    <subfield code="g">&#x415;&#x440;&#x435;&#x43C;&#x435;&#x439; &#x414;&#x430;&#x43D;&#x438;&#x43B;&#x43E;&#x432;&#x438;&#x447;</subfield>
    <subfield code="3">RU\NLR\auth\777188</subfield>
    <subfield code="9">117127</subfield>
  </datafield>
  <datafield tag="801" ind1=" " ind2="0">
    <subfield code="a">RU</subfield>
    <subfield code="b">NLR</subfield>
    <subfield code="c">20081120</subfield>
    <subfield code="g">RCR</subfield>
  </datafield>
  <datafield tag="801" ind1=" " ind2="1">
    <subfield code="a">RU</subfield>
    <subfield code="b">NLR</subfield>
    <subfield code="c">20081120</subfield>
  </datafield>
  <datafield tag="830" ind1=" " ind2=" ">
    <subfield code="a">&#x430;&#x432;&#x442;., &#x43F;&#x435;&#x440;&#x441;. &#x43F;&#x43E; &#x43A;&#x43D;.</subfield>
  </datafield>
  <datafield tag="942" ind1=" " ind2=" ">
    <subfield code="c">BOOK</subfield>
  </datafield>
  <datafield tag="980" ind1=" " ind2=" ">
    <subfield code="a">NB</subfield>
  </datafield>
  <datafield tag="995" ind1=" " ind2=" ">
    <subfield code="5">2008-11-20</subfield>
    <subfield code="a">ab</subfield>
    <subfield code="b">NLR01</subfield>
    <subfield code="c">NLR01</subfield>
    <subfield code="e">RF9</subfield>
    <subfield code="f">2794283</subfield>
    <subfield code="k">2008-3/34251</subfield>
    <subfield code="o">0</subfield>
    <subfield code="p">100.00</subfield>
    <subfield code="r">BOOK</subfield>
    <subfield code="s">2008334251_</subfield>
  </datafield>
</record>
